Reforma a los regímenes de pensiones en Costa Rica /

में बचाया:
ग्रंथसूची विवरण
मुख्य लेखक: Briceño Briceño, Rodrigo
अन्य लेखक: Cardoza Rodríguez, David
स्वरूप: मूलपाठ
विषय:
टैग: टैग जोड़ें
कोई टैग नहीं, इस रिकॉर्ड को टैग करने वाले पहले व्यक्ति बनें!

MARC

LEADER 00000 a a2200000 04500
001 5506
003
040
100 |a Briceño Briceño, Rodrigo  
245 |a Reforma a los regímenes de pensiones en Costa Rica /  |c Rodrigo Briceño Briceño ; David Cardoza Rodríguez 
650 |a PENSIONES  
650 |a SISTEMAS DE JUBILACION  
650 |a POBLACION ECONOMICAMENTE ACTIVA  
650 |a TRABAJADORES  
650 |a EMPLEO  
700 |a Cardoza Rodríguez, David  
773 |g volumen 1, número 5; páginas 119-128  
999 |c 39216  |d 39216